Portuguese Monarchs - Statistics

General Stats
  • This quiz has been taken 69 times
  • The average score is 24 of 37
Answer Stats
House Years Answer % Correct
Aviz 1385-1433 John I
81%
Aviz 1481-1495 John II
81%
Aviz 1521-1557 John III
81%
Braganza 1640-1656 John IV
81%
Braganza 1706-1750 John V
79%
Braganza 1816-1826 John VI
79%
Habsburg 1583-1598 Philip I
79%
Aviz 1495-1521 Manuel I
76%
Habsburg 1598-1621 Philip II
76%
Habsburg 1621-1640 Philip III
76%
Aviz 1578-1580 Henry
74%
Braganza 1908-1910 Manuel II
74%
Burgundy 1357-1367 Peter I
74%
Braganza 1683-1706 Peter II
74%
Braganza 1777-1786 Peter III
74%
Braganza 1826 Peter IV
71%
Braganza 1853-1861 Peter V
71%
Braganza 1786-1816 Maria I
64%
Braganza 1826-1828, 1834-1837 Maria II
64%
Burgundy 1139-1185 Afonso I
62%
Burgundy 1211-1223 Afonso II
62%
Burgundy 1248-1279 Afonso III
62%
Burgundy 1325-1357 Afonso IV
62%
Aviz 1438-1481 Afonso V
62%
Burgundy 1185-1211 Sancho I
60%
Burgundy 1223-1247 Sancho II
60%
Braganza 1656-1683 Afonso VI
57%
Burgundy 1367-1383 Ferdinand I
57%
Braganza 1837-1853 Ferdinand II
57%
Aviz 1557-1578 Sebastian
57%
Braganza 1889-1908 Carlos
52%
Aviz 1433-1438 Edward
48%
Burgundy 1279-1325 Denis
45%
Braganza 1750-1777 Joseph
45%
Braganza 1861-1889 Luis
45%
Braganza 1828-1834 Miguel
43%
Aviz 1580-1583 Antonio
29%
No matching quizzes found
Score Distribution
Percent of People with Each Score
Percentile by Number Answered
Your Score History
You have not taken this quiz